| 000 | 00699nam a2200253 a 4500 | ||
|---|---|---|---|
| 008 | |||
| 020 | _a0713129557 (pbk.) | ||
| 049 | _aMAIN | ||
| 090 |
_aQK95 _cSTA |
||
| 100 | 1 | _aStace, Clive A. | |
| 245 | 1 | 0 |
_aPlant taxonomy and biosystematics / _cClive A. Stace. |
| 250 | _a2nd. ed. | ||
| 260 |
_aLondon : _bEdward Anorld , _c1989. |
||
| 300 |
_avii, 264 p. : _bill. ; _c22 cm. |
||
| 440 | _aContemporary biology. | ||
| 504 | _aIncludes biblographical references. | ||
| 500 | _aIncludes index. | ||
| 650 | _aBiology | ||
| 907 |
_a.b10186104 _b18-01-06 _c17-01-06 |
||
| 003 | |||
| 005 | 20230123134142.0 | ||
| 040 | _cNUST | ||
| 942 |
_cBOOKS _kQK95 |
||
| 999 |
_c160940 _d160940 |
||